000
00335nam a2200145Ia 4500
008
191201s1989 xx 000 0 und d
082
_a
530
100
_a
RAJPUT,BS
245
0
_a
Mathematical Physics
250
_a
9th Rep
260
_a
Meerut
_b
Pragati Prakashan Meerut
_c
1989
300
_a
1446
650
_a
Applied
942
_2
ddc
_c
BK
999
_c
567
_d
567